000 00904nam a2200217Ia 4500
999 _c39844
_d39844
001 6449
003 GE_BSU
005 20191011112047.0
008 181216s1960||||g |||||||||||||| ||g ||
040 _cGE_BSU
041 _ageo
080 _a82-93 ბ-50
100 _aბეჟანიშვილი, როსტომ.
_94684
245 _aგარეუბნელი მეზობლები :
_bმოთხრობები /
_cროსტომ ბეჟანიშვილი ; რედ. ლ. ცაგარეიშვილი.
264 _aთბილისი :
_bნაკადული ;
_c1960.
300 _a125 გვ. ;
_c22 სმ.
653 _aგარეუბნელი მეზობლები
653 _aმოთხრობები
700 _aცაგარეიშვილი, ლ.
_eრედაქტორი
_94688
942 _cBK
_2udc